US states, but 3 are land mines - Statistics

General Stats
  • This quiz has been taken 103 times
  • The average score is 8 of 48
Answers on the Grid
Answers color-coded by a green-red scale on the quiz's grid according to % correct below.
Alabama
Alaska
Arizona
Arkansas
California
Colorado
Connecticut
Delaware
Florida
Georgia
Hawaii
Idaho
Illinois
Indiana
Iowa
Kansas
Kentucky
Louisiana
Maine
Maryland
Massachusetts
Michigan
Minnesota
Mississippi
Missouri
Montana
Nebraska
Nevada
New Hampshire
New Jersey
New Mexico
New York
North Carolina
North Dakota
Ohio
Oklahoma
Oregon
Pennsylvania
Rhode Island
South Carolina
South Dakota
Tennessee
Texas
Utah
Vermont
Virginia
Washington
West Virginia
Wisconsin
Wyoming
Toothbrush:)
 
Answer Stats
Answer % Correct
Alabama
69%
Alaska
51%
Massachusetts
24%
Michigan
22%
Colorado
21%
Idaho
21%
Kentucky
19%
Oregon
19%
Connecticut
18%
Florida
18%
Kansas
18%
New York
18%
South Dakota
18%
Hawaii
16%
Louisiana
16%
Nebraska
16%
New Mexico
16%
Washington
16%
Minnesota
15%
Oklahoma
15%
Tennessee
15%
Utah
15%
California
13%
Indiana
13%
Maine
13%
Montana
13%
Nevada
13%
New Hampshire
13%
Rhode Island
13%
Texas
13%
Vermont
13%
Virginia
13%
Illinois
12%
North Dakota
12%
West Virginia
12%
Wisconsin
12%
Wyoming
12%
Arkansas
9%
Mississippi
9%
Toothbrush:)
9%
Georgia
7%
Iowa
7%
Maryland
7%
Missouri
7%
New Jersey
7%
Pennsylvania
7%
Delaware
6%
Ohio
6%
No matching quizzes found
Score Distribution
Percent of People with Each Score
Percentile by Number Answered
Your Score History
You have not taken this quiz